Marketing : nástroje, stratégie, ľudia a trendy /

Salvato in:
Dettagli Bibliografici
Autore principale: Hanuláková, Eva (Autore)
Altri autori: a kol
Natura: Libro
Lingua:slovacco
Pubblicazione: Bratislava Wolters Kluwer 2021
Edizione:1. vyd.
Soggetti:
Tags: Aggiungi Tag
Nessun Tag, puoi essere il primo ad aggiungerne!!

MARC

LEADER 00000nam a22000003a 4500
001 0098683
003 SK-STU
005 20221129080531.0
007 ta
008 221129s ----xo-----e------000-0-----d
020 |a 978-80-571-0438-4 
040 |a STU  |b slo 
041 0 |a slo 
044 |a xo 
100 1 |a Hanuláková, Eva  |4 aut 
245 1 0 |a Marketing :  |b nástroje, stratégie, ľudia a trendy /  |c aut. Eva Hanuláková, a kol 
250 |a 1. vyd. 
260 |a Bratislava  |b Wolters Kluwer  |c 2021 
300 |a 363 s. 
650 0 7 |a marketing 
700 1 |a a kol. 
996 |b 284M089172  |c M* 14663-1  |l MMKN  |s A  |a 24  |w 0098683_0001